000 00333nam a2200145Ia 4500
008 090124s9999 xx 000 0 und d
082 _b301245
245 _a झुंबर
250 _a1
260 _bबगे आशा
_c1984
300 _a151
630 _a झुंबर
730 _a झुंबर
942 _cBOOK
999 _c190799
_d190799